| 000 | 01013nam a2200277 a 4500 | ||
|---|---|---|---|
| 001 | BRCA_4007 | ||
| 005 | 20190320204518.0 | ||
| 008 | 160110s2010----mx-a######---#000-0#spa-# | ||
| 020 | _a9786077622666 | ||
| 020 | _a9786077663218 | ||
| 041 | _aspa | ||
| 044 | _amx | ||
| 050 | 4 |
_aFL234 _b.I43 2010 |
|
| 245 | 1 | 0 |
_aImágenes de la patría _ceditores Déborah Holtz, Juan Carlos Mena. |
| 260 |
_aMéxico _bInstituto Nacional de Bellas Artes : Trilce _c2010 |
||
| 300 |
_axv, 230 p. _bil. a color _c30 cm. |
||
| 500 | _aIncluye lista catalográfica | ||
| 500 | _aIncluye piezas de la colección Franz Mayer: p. 20, 58, 60, 107, 119, 122 y 167 | ||
| 500 | _aEste libro está dedicado a la memoria de Carlos Monsiváis (1938-2010) | ||
| 650 | 1 | 4 |
_aHistoria _zMéxico _910416 |
| 651 | 4 |
_aMéxico _xImágenes _yIndependencia, 1810-1821 _910417 |
|
| 651 | 4 |
_aMéxico _xImágenes _yRevolución, 1910-1920 _910418 |
|
| 700 | 1 |
_aHoltz, Déborah _eed. _910419 |
|
| 700 | 1 |
_aMena, Juan Carlos _eed. _910420 |
|
| 942 |
_2lcc _cB |
||
| 999 |
_c3733 _d3733 |
||